000 00483nam a2200133 a 4500
008 120416s1987 ||||||||||||||||| || u
050 _aHD 62.7 Sta
245 1 2 _aA guide for small business development
246 _aStandard Chartered Bank Zambia Ltd
260 _aLusaka
_bStandard Chartered Bank
_c1987
300 _a43p.
350 _a0.00
995 _D0.00
_FCBU-MAIN LIBRARY (Kitwe)
_H1
_I0.00
_M1
_UAVAILABLE
_ZZambiana Collection
999 _c45069
_d45069